| 000 | 00452nam a2200133Ia 4500 | ||
|---|---|---|---|
| 008 | 191014s9999 xx 000 0 und d | ||
| 020 | _a0-08-029140-6 | ||
| 082 |
_a530.12 _bLAN |
||
| 100 |
_aL.D. Landau and E.M. Lifshitz _920389 |
||
| 245 | 0 | _aQuantum Mechanics (Non-relativistic Theory) Course of Theoretical Physics Volime 3 (Third Edition) | |
| 260 |
_aIndia _bReed Educational and Professional Publishing _c1998 |
||
| 300 | _aXv,677 | ||
| 942 | _cBK | ||
| 999 |
_c531353 _d531353 |
||